Statistics for Foods named after people

Click here to take the quiz!

General Stats

  • This quiz has been taken 63 times
    (41 since last reset)
  • The average score is 5 of 16

Answer Stats

Famous PersonThe food they popularised% Correct
Caesar CardiniCaesar Salad
86%
Nellie MelbaPeach Melba / Melba Toast
69%
Charles GreyEarl Grey Tea
67%
Jerry GarciaCherry Garcia (Ben & Jerry's ice cream)
56%
Alfredo di LelioFettuccine Alfredo
44%
Enoch BartlettBartlett Pear
39%
Sylvester GrahamGraham's Crackers
39%
Marie Ann SmithGranny Smith (apples)
31%
Margherita Maria Teresa GiovannaPizza Margherita
28%
Père Clément RodierClementines
22%
James Harvey LoganLoganberry
19%
Rudolph HassHass Avocado
19%
Barbe-Nicole Ponsardin (widow)Veuve Clicquot (Champagne - the Widow Clicquot)
6%
John MontaguSandwich (4th Earl of Sandwich)
6%
Arthur WellesleyBeef Wellington (Duke of Wellington)
3%
Ignacio AnayaNachos
0%

Score Distribution

Percentile by Number Answered

Percent of People with Each Score

Your Score History

You have not taken this quiz since the last reset